| 000 | 00441nam a2200181Ia 4500 | ||
|---|---|---|---|
| 001 | 14939 | ||
| 005 | 20260306164951.0 | ||
| 008 | 260306t2011||||xx |||||||||||||| ||spa|| | ||
| 041 | _aESP | ||
| 082 |
_a519.5 _bR75 |
||
| 100 |
_aRodríguez Franco, Jesús _eAUT |
||
| 245 | 0 | _aEstadística para administración | |
| 260 | _c2011 | ||
| 300 |
_axvi, 439 páginas : _c25 cm. |
||
| 650 | _aGEN | ||
| 654 | _aCMA | ||
| 942 |
_cLIB _dJUS _fJUS _2ddc _n |
||
| 999 |
_c14939 _d14939 |
||